000 00383nam a22001217a 4500
082 _a344.044
_bJHA
100 _aJhandyana, Arshad Mahmood
245 _aThe Manual of Mental Health Laws:
_bamendments & case law up to date /
_cArshad Mahmood Jhandyana
260 _aLahore :
_bManzoor Law Book House,
_c2021.
300 _a238 p. ;
_c23 cm.
563 _aHBK.
942 _2ddc
_cBK
999 _c592400
_d592400